| 000 | 00528nam a2200181 i 4500 | ||
|---|---|---|---|
| 001 | 65563 | ||
| 003 | ES-MaACL | ||
| 005 | 20230906165420.0 | ||
| 007 | t| | ||
| 008 | 040115m19001925fr ||||1| fre d | ||
| 100 | 1 |
_aFriedrich, Ernst. _952650 |
|
| 245 | 1 | 0 |
_aGuerre á la guerre / _cErnst Friedrich. |
| 260 |
_aParís : _bLa Libraire Sociale, _c[19--?] |
||
| 300 |
_a40 p. ; _c25 cm. |
||
| 500 | _aExtracto de la obra completa. | ||
| 500 | _aTextos en francés, italiano y español. | ||
| 852 |
_aES-MaACL _j1603-F-20 _bR.5494 |
||
| 999 |
_c65563 _d65563 |
||